00353nam a2200133Ia 4500008004000000020001500040082001700055100001100072245004100083250000500124260004200129300001200171650003600183210210b1983 xxu||||| |||| 00| 0 eng d a4755700671 a616.075 LYNL aLYNCH. aMedical Laboratory Technology. Ed 4. a aPhiladelphia.bW B Saunders Co.c1983 axii,845 aMedical Laboratory Technology